000 00338 a2200145 4500
001 156676
040 _cEscola São Tomás de Aquino
100 _aESCOLA SANTO TOMÁS DE AQUINO
240 1 0 _aEscritores da ESTA 2015
_lpor
245 1 0 _aEscritores da ESTA 2015
300 _a40
362 0 _a2015
697 _aEducação
942 _cBK
999 _c156676
_d156676